000 00535nam a22001697a 4500
005 20141106153342.0
008 141106b xxu||||| |||| 00| 0 eng d
020 _a9789814581318
050 _aHD 30.28
_b.D475 2012
100 _aDess, Gregory G.
245 _aStrategic management :
_bText and cases /
_cGregory G. Dess.
260 _aNew York :
_bMcGraw-Hill Education,
_cc2012.
300 _a1 v. paged. :
_billustrations ;
_c26 cm.
521 _aBusiness Administration
650 _aStrategic management.
942 _2lcc
_cBK
_kFOR
999 _c276728
_d276728